000 00618nam a2200193 i 4500
001 bgj
100 1 _aCURRY, Dean
245 0 _aPeople today :
_bstudent exercise book /
_cDean Curry.
260 _aWashington, D.C. :
_bUnited States Information Agency,
_c[ca 1990].
300 _a65 pp :
_bill. ;
_c26 cm.
490 1 _aEFL Episodes for Listening Comprehension Practice
650 9 _aEnglish language
_xSpeaking
655 _aTextbooks for foreigners
830 _aEFL Episodes for Listening Comprehension Practice
040 _cBPK
041 0 _aeng
942 _cKS
008 s uk f |000 0 eng
999 _c47729
_d47729
856 _uhttp://koha.tu.koszalin.pl/cgi-bin/koha/opac-detail.pl?biblionumber=47729
_yKatalog online BPK